ARRUPE JESUIT UNIVERSITY

CORONAVIRUS -STOP THE SPREAD - CLEAN,DISINFECT,COVER

The quest of the absolute : (Record no. 120212)

MARC details
000 -LEADER
fixed length control field 01027pam a2200325 i 4500
001 - CONTROL NUMBER
control field 10535043
003 - CONTROL NUMBER IDENTIFIER
control field ARRUPE
005 - DATE AND TIME OF LATEST TRANSACTION
control field 20140318115642.0
008 - FIXED-LENGTH DATA ELEMENTS--GENERAL INFORMATION
fixed length control field 130724s2013 inu b 001 0 eng
010 ## - LIBRARY OF CONGRESS CONTROL NUMBER
LC control number 2013022545
020 ## - INTERNATIONAL STANDARD BOOK NUMBER
International Standard Book Number 9780268026165 (pbk. : alk. paper)
020 ## - INTERNATIONAL STANDARD BOOK NUMBER
International Standard Book Number 0268026165 (pbk. : alk. paper)
024 ## - OTHER STANDARD IDENTIFIER
Standard number or code 40022857462
035 ## - SYSTEM CONTROL NUMBER
System control number (OCoLC)ocn841892502
035 ## - SYSTEM CONTROL NUMBER
System control number (OCoLC)841892502
Canceled/invalid control number (OCoLC)841910596
035 ## - SYSTEM CONTROL NUMBER
System control number (NNC)10535043
040 ## - CATALOGING SOURCE
Original cataloging agency DLC
Language of cataloging eng
Description conventions rda
Transcribing agency DLC
Modifying agency BTCTA
-- YDXCP
-- BDX
-- OCLCO
-- OCLCA
-- NhCcYBP
042 ## - AUTHENTICATION CODE
Authentication code pcc
050 00 - LIBRARY OF CONGRESS CALL NUMBER
Classification number B836.5
Item number .D87 2013
082 00 - DEWEY DECIMAL CLASSIFICATION NUMBER
Classification number 190.9/034
Edition number 23
300 ## - PHYSICAL DESCRIPTION
Dimensions 23 cm
100 1# - MAIN ENTRY--PERSONAL NAME
Personal name Dupré, Louis K.,
Dates associated with a name 1925-,
Relator term author.
9 (RLIN) 9128
245 14 - TITLE STATEMENT
Title The quest of the absolute :
Remainder of title birth and decline of European romanticism /
Statement of responsibility, etc Louis Dupré.
300 ## - PHYSICAL DESCRIPTION
Extent x, 287 pages ;
504 ## - BIBLIOGRAPHY, ETC. NOTE
Bibliography, etc Includes bibliographical references and index.
650 #0 - SUBJECT ADDED ENTRY--TOPICAL TERM
Topical term or geographic name as entry element Romanticism.
9 (RLIN) 9129
942 ## - ADDED ENTRY ELEMENTS (KOHA)
Source of classification or shelving scheme Library of Congress Classification
Koha item type Monograph ( Printed materials)
948 1# - LOCAL PROCESSING INFORMATION (OCLC); SERIES PART DESIGNATOR (RLIN)
Series part designator, SPT (RLIN) 20131107
b (OCLC) c
c (OCLC) ybp21
d (OCLC) MPS
949 ## - LOCAL PROCESSING INFORMATION (OCLC)
i 0073233412
Holdings
Withdrawn status Lost status Source of classification or shelving scheme Damaged status Not for loan Collection code Home library Current library Shelving location Date acquired Total Checkouts Full call number Barcode Date last seen Price effective from Koha item type
    Library of Congress Classification     Main Collection ARRUPE LIBRARY ARRUPE LIBRARY Main Collection 18/03/2014   B836.5 .D87 2013 46500001970 18/03/2014 18/03/2014 Monograph ( Printed materials)

 

Arrupe Library. PO Box MP320 Mt Pleasant, Harare, Zimbabwe
263 242 745411|librarian@aju.ac.zw